Statistiques concernant Les 5 Meilleurs Buteurs de Liga par Saison (XXIème siècle)

Cliquez ici pour prendre le quiz!

Statistiques générales

  • Ce quiz a été pris 227 fois
  • Le résultat moyen est 73 sur 120

Statistiques - réponses

SaisonTopButsClubJoueur% Correct
2011/2012150FC BarceloneLionel Messi
100%
2013/2014228FC BarceloneLionel Messi
100%
2008/2009423FC BarceloneLionel Messi
100%
2009/2010134FC BarceloneLionel Messi
100%
2010/2011231FC BarceloneLionel Messi
100%
2019/2020125FC BarceloneLionel Messi
100%
2017/2018134FC BarceloneLionel Messi
100%
2012/2013146FC BarceloneLionel Messi
100%
2020/2021130FC BarceloneLionel Messi
100%
2016/2017137FC BarceloneLionel Messi
100%
2018/2019136FC BarceloneLionel Messi
100%
2015/2016326FC BarceloneLionel Messi
100%
2014/2015243FC BarceloneLionel Messi
100%
2015/2016235Real Madrid CFCristiano Ronaldo
99%
2010/2011140Real Madrid CFCristiano Ronaldo
99%
2014/2015148Real Madrid CFCristiano Ronaldo
99%
2011/2012246Real Madrid CFCristiano Ronaldo
99%
2009/2010326Real Madrid CFCristiano Ronaldo
99%
2017/2018226Real Madrid CFCristiano Ronaldo
99%
2012/2013234Real Madrid CFCristiano Ronaldo
99%
2016/2017325Real Madrid CFCristiano Ronaldo
99%
2013/2014131Real Madrid CFCristiano Ronaldo
99%
2022/2023219Real Madrid CFKarim Benzema
99%
2020/2021323Real Madrid CFKarim Benzema
99%
2011/2012521Real Madrid CFKarim Benzema
99%
2015/2016424Real Madrid CFKarim Benzema
99%
2018/2019221Real Madrid CFKarim Benzema
99%
2019/2020221Real Madrid CFKarim Benzema
99%
2021/2022127Real Madrid CFKarim Benzema
99%
2013/2014517Real Madrid CFKarim Benzema
99%
2005/2006513Real Madrid CFRonaldo
98%
2003/2004124Real Madrid CFRonaldo
98%
2004/2005421Real Madrid CFRonaldo
98%
2002/2003223Real Madrid CFRonaldo
98%
2018/2019519FC BarceloneLuis Suarez
95%
2019/2020416FC BarceloneLuis Suarez
95%
2016/2017228FC BarceloneLuis Suarez
95%
2020/2021421Atlético de MadridLuis Suarez
95%
2017/2018325FC BarceloneLuis Suarez
95%
2015/2016140FC BarceloneLuis Suarez
95%
2014/2015322FC BarceloneNeymar
95%
2015/2016524FC BarceloneNeymar
95%
2014/2015422Atlético de MadridAntoine Griezmann
92%
2022/2023123FC BarceloneRobert Lewandowski
90%
2021/2022417Real Madrid CFVinicius Junior
87%
2004/2005125FC BarceloneSamuel Eto'o
80%
2008/2009230FC BarceloneSamuel Eto'o
80%
2005/2006126FC BarceloneSamuel Eto'o
80%
2017/2018422Celta de VigoIago Aspas
79%
2016/2017419Celta de VigoIago Aspas
79%
2021/2022218Celta de VigoIago Aspas
79%
2018/2019320Celta de VigoIago Aspas
79%
2002/2003516Real Madrid CFRaul
78%
2000/2001124Real Madrid CFRaul
78%
2009/2010421FC ValenceDavid Villa
77%
2005/2006225FC ValenceDavid Villa
77%
2008/2009328FC ValenceDavid Villa
77%
2007/2008418FC ValenceDavid Villa
77%
2003/2004320Atlético de MadridFernando Torres
71%
2005/2006317FC BarceloneRonaldinho
65%
2006/2007321FC BarceloneRonaldinho
65%
2012/2013328Atlético de MadridRadamel Falcao
64%
2011/2012324Atlético de MadridRadamel Falcao
64%
2004/2005225Villarreal CFDiego Forlan
63%
2008/2009132Atlético de MadridDiego Forlan
63%
2006/2007519Villarreal CFDiego Forlan
63%
2009/2010518Atlético de MadridDiego Forlan
63%
2011/2012422Real Madrid CFGonzalo Higuain
63%
2009/2010227Real Madrid CFGonzalo Higuain
63%
2008/2009522Real Madrid CFGonzalo Higuain
63%
2013/2014327Atlético de MadridDiego Costa
62%
2019/2020318Villarreal CFGerard Moreno
60%
2020/2021223Villarreal CFGerard Moreno
60%
2000/2001322Deportivo AlavesJavi Moreno
60%
2022/2023316RCD EspanyolJoselu
56%
2013/2014419FC BarceloneAlexis Sanchez
53%
2016/2017516Athletic BilbaoAritz Aduriz
53%
2010/2011320Atlético de MadridSergio Aguero
53%
2007/2008319Atlético de MadridSergio Aguero
53%
2022/2023415Betis SevilleBorja Iglesias
51%
2006/2007125Real Madrid CFRuud Van Nistelrooy
45%
2000/2001223FC BarceloneRivaldo
41%
2001/2002318Real Madrid CFFernando Morientes
37%
2020/2021518FC SévilleYoussef En-Nesyri
30%
2021/2022317RCD EspanyolRaul de Tomas
25%
2022/2023515RCD MallorqueVedat Muriqi
25%
2017/2018521Girona FCCristhian Stuani
24%
2018/2019419Girona FCCristhian Stuani
24%
2012/2013425FC SévilleAlvaro Negredo
23%
2010/2011420FC SévilleAlvaro Negredo
23%
2010/2011518FC ValenceRoberto Soldado
21%
2012/2013524FC ValenceRoberto Soldado
21%
2014/2015520FC SévilleCarlos Bacca
20%
2019/2020515Athletic BilbaoRaul Garcia
20%
2000/2001518FC BarcelonePatrick Kluivert
17%
2001/2002218FC BarcelonePatrick Kluivert
17%
2021/2022516Betis SevilleJuanmi
16%
2002/2003129Deportivo La CorogneRoy Makaay
15%
1999/2000422Deportivo La CorogneRoy Makaay
15%
2006/2007421FC SévilleFrédéric Kanouté
14%
2001/2002417FC BarceloneJavier Saviola
12%
2007/2008224FC SévilleLuis Fabiano
12%
2007/2008127RCD MallorqueDani Guiza
10%
2006/2007222Real SaragosseDiego Milito
8%
2005/2006414Real SaragosseDiego Milito
8%
2001/2002121Deportivo La CorogneDiego Tristan
8%
2000/2001419Deportivo La CorogneDiego Tristan
8%
2004/2005518FC SévilleJulio Baptista
5%
2003/2004220FC SévilleJulio Baptista
5%
2002/2003420Real SociedadDarko Kovacevic
4%
2007/2008518Villarreal CFNihat Kahveci
4%
2002/2003323Real SociedadNihat Kahveci
4%
2003/2004419RCD EspanyolRaul Tamudo
4%
2001/2002517RCD EspanyolRaul Tamudo
4%
1999/2000224Atlético de MadridJimmy Floyd Hasselbaink
3%
2004/2005322Betis SevilleRicardo Oliveira
2%
1999/2000127RRC SantanderSalva Ballesta
2%
1999/2000324Malaga CFCatanha
1%
2003/2004519FC ValenceMista
1%
1999/2000521Real SaragosseSavo Milosevic
1%

Distribution des résultats

Percentile par nombre de réponses

% des personnes avec chaque résultat

Votre développement - résultats

Vous n’avez pas pris ce quiz